Ius Humani Revista de derecho

Bibliographic Details
Format: Journal
Language:Spanish
Published: Quito : Universidad de los Hemisferios Ius Humani, 2008-
Subjects:
Online Access:http://www.vlex.com/source/7333

MARC

LEADER 00000nas a22000007a 4500
005 20130326155942.0
007 cr|||| ||||
008 130326c20089999ec gr|p s|||| 0|||b1spa d
022 |a 1390-440X  
035 |a 7333 
040 |a vLex 
090 |c 4026  |d 4026 
245 0 0 |a Ius Humani  |b Revista de derecho  |h [Recurso electrn̤ico]  
256 |a Servicio en ln̕ea 
260 |a Quito :  |b Universidad de los Hemisferios Ius Humani,   |c 2008- 
300 |a 1 Recurso electrn̤ico 
506 |d vLex Global  |d vLex Global (Academic Edition, excluding Law Schools)  |d vLex Global (U.S. Academic Edition, Law Schools)  |d vLex Global (U.S. Academic Edition, excluding Law Schools)  |d vLex Global (Academic Edition, Law Schools) 
650 0 4 |a Derecho  |v Revistas  |z Ecuador 
740 |a vLex Revistas (Servicio en ln̕ea) 
856 |a Acceso restringido  |u http://www.vlex.com/source/7333 
942 |c REV 
999 0 |a Law